00362nam a2200169Ia 4500003000900000008004100009040001300050040001300063041000800076100002000084245004000104260001200144260000900156300001100165300001000176490000600186IT-RoPAU120407s9999 xx 000 0 und d aIT-RoPAU cIT-RoPAU aita aBenedetto Croce aTeoria e storia della storiografia. aLaterza c1973 a345 p. c21 cm v1